Statistiques concernant États qui battent la Californie

Cliquez ici pour prendre le quiz!

Statistiques générales

  • Ce quiz a été pris 332 fois
  • Le résultat moyen est 7 sur 20

Statistiques - réponses

RangCatégorieEtats% Correct
3Plus grande surfaceAlaska | Texas
99%
3Plus haut pourcentage de résidents espagnolsNouveau Mexique | Texas
87%
3Le plus de touristes internationauxNew York | Floride
65%
2Le plus de terrains de golfFloride
48%
2Aéroport le plus fréquentéGéorgie
45%
2Altitude maximale la plus élevéeAlaska
43%
6Revenu moyen le plus élevéMaryland | New Jersey | Hawaï | Massachusetts | Connecticut
43%
4Parc national le plus ancienWyoming | Montana | Idaho
41%
5Le plus de Starbucks par habitantWashington | Nevada | Colorado | Oregon
39%
2Prix de l'immobilier le plus élevéHawaï
35%
3Pourcentage voix pour Donald Trump le plus faibleHawaï | Vermont
34%
2Le plus de chevauxTexas
33%
7Pourcentage de catholiques le plus élevéRhode Island | Massachusetts | New Jersey | Nouveau Mexique | New York | Connecticut
29%
2Championnats de NBA remportésMassachusetts
17%
2Salaire moyen le plus élevé pour un ingénieur informaticienWashington
17%
5Date la plus ancienne de création d'un État à l'ouest du MississippiMissouri | Arkansas | Texas | Iowa
15%
4Plus faible taux d'obésitéColorado | Massachusetts | Hawaï
14%
2Le plus de séismes 7.0 depuis 1900Alaska
13%
2Plus haut pourcentage de résidents asiatiquesHawaï
11%
3Le plus de natifs américainsArizona | Oklahoma
10%

Distribution des résultats

Percentile par nombre de réponses

% des personnes avec chaque résultat

Votre développement - résultats

Vous n’avez pas pris ce quiz